<?xml version="1.0" encoding="UTF-8"?>
<collection xmlns="http://www.loc.gov/MARC21/slim">
 <record>
  <leader>00604nam a2200181 c 4500</leader>
  <controlfield tag="001">bibDOK00000081</controlfield>
  <controlfield tag="005">20200924115635.4</controlfield>
  <controlfield tag="008">060518s1995    hu                  hun  </controlfield>
  <datafield tag="245" ind1="0" ind2="0">
   <subfield code="a">Bibó István /1911-1979/</subfield>
   <subfield code="b">életút dokumentumokban</subfield>
   <subfield code="c">[vál., összeáll. Huszár Tibor ; szerk. Litván György, S. Varga Katalin ; előszó : Göncz Árpád]</subfield>
  </datafield>
  <datafield tag="260" ind1=" " ind2=" ">
   <subfield code="a">Bp.</subfield>
   <subfield code="b">Osiris-Századvég K.</subfield>
   <subfield code="b">1956-os Intézet</subfield>
   <subfield code="c">1995</subfield>
  </datafield>
  <datafield tag="300" ind1=" " ind2=" ">
   <subfield code="a">757 p.</subfield>
  </datafield>
  <datafield tag="490" ind1="1" ind2=" ">
   <subfield code="a">'56</subfield>
  </datafield>
  <datafield tag="695" ind1=" " ind2=" ">
   <subfield code="a">politikai filozófia</subfield>
  </datafield>
  <datafield tag="700" ind1="1" ind2=" ">
   <subfield code="a">Huszár Tibor</subfield>
  </datafield>
  <datafield tag="700" ind1="1" ind2=" ">
   <subfield code="a">Litván György</subfield>
  </datafield>
  <datafield tag="700" ind1="1" ind2=" ">
   <subfield code="a">Varga Katalin, S.</subfield>
  </datafield>
  <datafield tag="700" ind1="1" ind2=" ">
   <subfield code="a">Göncz Árpád</subfield>
  </datafield>
  <datafield tag="830" ind1=" " ind2="1">
   <subfield code="a">'56</subfield>
  </datafield>
 </record>
</collection>
